Регионална библиотека "Любен Каравелов" - Русе

Българската карикатура (Запис номер 115195)

MARC детайли
000 -Лидер
Контролно поле с фиксирана дължина 01813nam a2200385 c 4500
003 - Код на организацията, давaща контролен номер
Контролно поле BLK
005 - Дата и час на последна редакция
Контролно поле 20210122100059.0
008 - Елементи от данни с фиксирана дължина
fixed length control field 180409b bul|||||r ||||||| ||bul||
010 ## - Наследен системен номер
LC control number KNG00120667000
040 ## - Източник на каталожния запис
Идентификатор на билиотеката - собственик на записа BLK
041 ## - Код за език
Код за езика на текст/звукозапис или на отделно заглавие Български
Код за езика КДБФ Български
080 ## - УДК
Текстов определител УДК Карикатура. Комикс
УДК код - определител по УДК 741.5
УДК определител (497.2)(091)
УДК - код + определител 741.5(497.2)(091)
100 1# - Редна дума - Автор
Автор Стойков, Атанас
Авторска отговорност първи автор
Автор - информация (биография) Атанасов, Атанас Стойков
R(LIN) 369553
139 ## - Редно поле
Редна дума Стойков, Атанас
Авторски знак Стои - С 78
245 10 - Сведения за заглавието
Заглавие Българската карикатура
Подзаглавни данни Кратък очерк за нейния път и за творчеството на Ал. Божинов, Ил. Бешков, Ал. Жендов, Б. Ангелушев и Ст. Венев
Редно поле (дума) Атанас Стойков.
257 ## - Страна на издаване
Страна на създаване/издаване България
260 ## - Област на издателските данни
Име на издателя, разпространителя и проч. Бълг. художник
Година на издаване 1970
Място на издаване, разпространение и проч. София
300 ## - Физическа характеристика
Страници 224 с.
Илюстрации и др. с репр., портр.
Размери/Мащаб 28 см
380 ## - Жанр
Жанр Изкуство
500 ## - Общи забележки
Забележка Съдържа Псевдоними на бълг. художници-хумористи и карикатуристи ; Списък на репродукциите.
600 14 - Име на лице, използвано като предмет
За него / За нея Божинов, Александър
9 (RLIN) 373182
600 14 - Име на лице, използвано като предмет
За него / За нея Бешков, Илия
9 (RLIN) 255376
600 14 - Име на лице, използвано като предмет
За него / За нея Жендов, Александър Стефанов
9 (RLIN) 299624
600 14 - Име на лице, използвано като предмет
За него / За нея Ангелушев, Борис Димитров
9 (RLIN) 365105
600 14 - Име на лице, използвано като предмет
За него / За нея Венев, Стоян
9 (RLIN) 305804
650 #4 - Допълнително описание по предмет – тема
Основно описание – тема или топоним Карикатуристи, български
9 (RLIN) 293582
650 #4 - Допълнително описание по предмет – тема
Основно описание – тема или топоним Карикатура, българска
9 (RLIN) 242411
653 ## - Ключова дума – ненормативна
Ключова дума карикатура
653 ## - Ключова дума – ненормативна
Ключова дума карикатуристи
852 ## - Местоположение
Форматна сигнатура Цб ІІ 3915
Фондова буква Хранилище
856 4# - Електронен адрес и достъп
Електронен формат pdf - файл
856 4# - Електронен адрес и достъп
Електронен формат pdf - файл
999 ## - СИСТЕМНИ КОНТРОЛНИ НОМЕРА
Koha biblionumber 115195
Koha biblioitemnumber 115195
942 ## - АРТИКУЛИ
Вид на библиотечния материал Книги
Скрит в OPAC Не
Периодичен библиозапис Да
944 ## - СЪЗДАВАНЕ И РЕДАКЦИЯ на ЗАПИСА
Създаване/Редакция Създаване
Дата на регистрацията/редакция 07.01.2011
Статус, дата на статуса добави в АБ / 06.01.2011
Служител, извършил регистрацията/редакцията Ирена_Линкова
944 ## - СЪЗДАВАНЕ И РЕДАКЦИЯ на ЗАПИСА
Създаване/Редакция Редакция
Дата на регистрацията/редакция 20.03.2013
Статус, дата на статуса добави в АБ / 06.01.2011
999 ## - СИСТЕМНИ КОНТРОЛНИ НОМЕРА
Koha biblioitemnumber 115195
Наличности
Код за отписване Код за изгубен артикул Източник на класификационната схема Код за повреда Коз за рестрикции Код за отдаване Артикулен № Име на библиотеката - собственик Име на библиотеката, в която се намира в момента Статус (Текущо местоположение) Дата на вписване в системата Местоположение - отдел Цена в лева Инвентарен номер Систематично азбучна сигнатура Баркод Номер на екземпляра Цена в евро Служебна бележка Служебен тип на артикула
  Не е изгубен Universal Decimal Classification Не е повреден само за читалня заемане за дома 184950 Регионална библиотека "Любен Каравелов" Русе Регионална библиотека "Любен Каравелов" Русе Отдел Изкуство - подръчен фонд 1970-01-01 Отдел Изкуство - подръчен фонд 15.00 82596 74/С 78 А 120000082596 1 7.67 N: стар фонд Дата: 01.01.1970 Дата инв: 07.06.2012 Бележки инв: * Книги
  Не е изгубен Universal Decimal Classification Не е повреден без рестрикции заемане за дома 184951 Регионална библиотека "Любен Каравелов" Русе Регионална библиотека "Любен Каравелов" Русе Отдел Изкуство - подръчен фонд 1970-01-01 Отдел Изкуство - подръчен фонд 15.00 539435 74/С 78 А 120000539435 2 7.67 Дост: Pk Вид: Ф N: стар фонд Дата: 01.01.1970 Дата инв: 12.02.2015 Бележки инв: ИП2015 Книги
  Не е изгубен Universal Decimal Classification Не е повреден само за читалня ползва се в читалня 184952 Регионална библиотека "Любен Каравелов" Русе Регионална библиотека "Любен Каравелов" Русе Хранилище 1970-01-01 Хранилище 15.00 80631 Цб ІІ 3915 120000080631 3 7.67 Дост: Dp Вид: Д N: стар фонд Дата: 01.01.1970 Книги
Vip Innovations Ltd, Rousse, Bulgaria 2025